Symboler til politiske ideologier - Statistics

General Stats
  • This quiz has been taken 83 times
  • The average score is 5 of 12
Answer Stats
Picture Answer % Correct
Nazisme
87%
Kommunisme
85%
Liberalisme
54%
Sosialisme
54%
Konservatisme
50%
Sosialdemokrati
50%
Fascisme
48%
Anarkisme
41%
Sosialisme
22%
Kristendemokrati
13%
Agrarianisme og sentrisme
9%
Grønn ideologi
7%
No matching quizzes found
Score Distribution
Percent of People with Each Score
Percentile by Number Answered
Your Score History
You have not taken this quiz